LIBRARY & INFORMATION CENTRE, KCAET, TAVANUR

ONLINE PUBLIC ACCESS CATALOGUE (OPAC)

Planning for sustainability in irrigation: Command area development and Indira Gandhi canal project / (Record no. 9741)

MARC details
000 -LEADER
fixed length control field 00563cam a2200193ua 4500
020 ## - INTERNATIONAL STANDARD BOOK NUMBER
ISBN 81-7033-220-2
041 ## - LANGUAGE CODE
Language code of text/sound track or separate title eng
082 ## - DEWEY DECIMAL CLASSIFICATION NUMBER
Classification number 631.587
Item number RAK/PL
100 ## - MAIN ENTRY--AUTHOR NAME
Personal name Rakesh, Hooja .
245 00 - TITLE STATEMENT
Title Planning for sustainability in irrigation: Command area development and Indira Gandhi canal project /
250 ## - EDITION STATEMENT
Edition statement 1 /
260 ## - PUBLICATION, DISTRIBUTION, ETC. (IMPRINT)
Place of publication New Delhi :
Name of publisher Rawat Publications ,
Year of publication 1994.
300 ## - PHYSICAL DESCRIPTION
Number of Pages 328 ; .
700 1# - ADDED ENTRY--PERSONAL NAME
Personal name Kavdia, P S .
942 ## - ADDED ENTRY ELEMENTS (KOHA)
Koha item type Books
Holdings
Withdrawn status Lost status Damaged status Home library Current library Date acquired Full call number Accession Number Koha item type
      KAUAET KAUAET 07/04/2012 631.587 18520 Books
free website counter